| 000 | 00962nam a2200265Ia 4500 | ||
|---|---|---|---|
| 003 | OSt | ||
| 005 | 20221005104354.0 | ||
| 006 | a|||||r|||| 00| 0 | ||
| 007 | ta | ||
| 008 | 221004b |||||||| |||| 00| 0 hin d | ||
| 020 |
_a978938052270 (hbk) _c350 |
||
| 024 | _a12635 | ||
| 037 |
_b117/2013-14, 10/03/2014, Pioneer Books Distributors _cTextual |
||
| 040 |
_aCRL _cCRL _bhin |
||
| 041 |
_2hin _ahin |
||
| 082 | _aQ4, 152Q3 | ||
| 100 | _aबंदिश्टे, डी डी | ||
| 245 | 0 |
_aधम्म _b हमारा एकमेव तारक |
|
| 246 | _aDhamma: hamārā ekamev tāraka | ||
| 260 |
_aदिल्ली _bबुद्धिष्ट वर्ल्ड प्रैस भारत _c2013 |
||
| 300 |
_a215पृ0 _ccm. |
||
| 650 | _aधर्म | ||
| 942 |
_hQ4, 152Q3 _cTEXL _2cc |
||
| 999 |
_c1012502 _d1012502 |
||